Central Library OPAC University of Rajshahi

Electroanalytical chemistry / (Record no. 9660)

MARC details
000 -LEADER
fixed length control field 00828nam a2200265 4500
001 - CONTROL NUMBER
control field 9660
003 - CONTROL NUMBER IDENTIFIER
rucl marc code BD-RJUL
005 - DATE AND TIME OF LATEST TRANSACTION
control field 20211208234820.0
008 - FIXED-LENGTH DATA ELEMENTS--GENERAL INFORMATION
fixed length control field 140121r19621958nyua b 001 0 eng d
035 ## - SYSTEM CONTROL NUMBER
System control number (BD-RjUL)9705
040 ## - CATALOGING SOURCE
Original cataloging agency BD-RjUL
Language of cataloging eng
Transcribing agency BD-RjUL
Modifying agency BD-RjUL
041 ## - LANGUAGE CODE
Language code of text/sound track or separate title eng
082 04 - DEWEY DECIMAL CLASSIFICATION NUMBER
Edition number 16
Classification number 541.37
Author mark and year LIE 1962
100 1# - MAIN ENTRY--PERSONAL NAME
Personal name Lingane, James J.
Fuller form of name (James Joseph),
Dates associated with a name 1909-
9 (RLIN) 29893
245 10 - TITLE STATEMENT
Title Electroanalytical chemistry /
Statement of responsibility, etc. James J. Lingane.
250 ## - EDITION STATEMENT
Edition statement 2nd ed., rev. and enl.
260 ## - PUBLICATION, DISTRIBUTION, ETC. (IMPRINT)
Place of publication, distribution, etc. New York ;
-- London :
Name of publisher, distributor, etc. Interscience,
Date of publication, distribution, etc. 1958 [reprinted 1958].
300 ## - PHYSICAL DESCRIPTION
Pagination xiv, 669 p. :
Illustrations ill. ;
Size 24 cm.
500 ## - GENERAL NOTE
General note Previous ed.: 1953.
504 ## - BIBLIOGRAPHY, ETC. NOTE
Bibliography, etc Includes bibliographical references and index.
650 #0 - SUBJECT ADDED ENTRY--TOPICAL TERM
Topical term or geographic name as entry element Electrochemical analysis.
9 (RLIN) 29368
942 ## - ADDED ENTRY ELEMENTS (KOHA)
Source of classification or shelving scheme Dewey Decimal Classification
Koha item type Books
Holdings
Lost status Source of classification or shelving scheme Damaged status Not for loan Collection code Permanent Location Current Location Shelving location Date acquired Source of acquisition Cost, normal purchase price Total Checkouts Full call number Date last seen Copy number Koha item type Date checked out
  Dewey Decimal Classification     Non-fiction Central Library, University of Rajshahi Central Library, University of Rajshahi   29/11/1965 Zeit 124.00   541.37 LIE 1962 21/01/2014 C-3 Books  
  Dewey Decimal Classification   Not For Loan Non-fiction Central Library, University of Rajshahi Central Library, University of Rajshahi Reading Room 02/02/1963 Zeithinger 117.00   541.37 LIE 1958 13/05/2017 C-1 Books  
  Dewey Decimal Classification     Non-fiction Central Library, University of Rajshahi Central Library, University of Rajshahi   02/02/1963 Zeithinger 117.00   541.37 LIE 1958 13/05/2017 C-2 Books  
  Dewey Decimal Classification     Non-fiction Central Library, University of Rajshahi Central Library, University of Rajshahi   02/02/1963 Zeithinger 117.00   541.37 LIE 1962 13/05/2017 C-4 Books  
  Dewey Decimal Classification     Non-fiction Central Library, University of Rajshahi Central Library, University of Rajshahi   02/02/1963 Zeithinger 117.00 1 541.37 LIE 1958 14/05/2019 C-5 Books 12/05/2019